LIBRARY ONLINE CATALOGUE

Econometric analysis / (Record no. 3388)

MARC details
000 -LEADER
fixed length control field 00599cam a22002052 4500
001 - CONTROL NUMBER
control field 0000009196
005 - DATE AND TIME OF LATEST TRANSACTION
control field 20151217145847.0
008 - FIXED-LENGTH DATA ELEMENTS--GENERAL INFORMATION
fixed length control field 080912s xx 000 0 eng d
020 ## - INTERNATIONAL STANDARD BOOK NUMBER
International Standard Book Number 0135137406 :
Terms of availability KES 9000
040 ## - CATALOGING SOURCE
Original cataloging agency KABU
Transcribing agency KABU
100 1# - MAIN ENTRY--PERSONAL NAME
Personal name Greene, William H.
-- 0000149922
245 10 - TITLE STATEMENT
Title Econometric analysis /
Statement of responsibility, etc. William H. Greene.
250 ## - EDITION STATEMENT
Edition statement 6th ed.
260 ## - PUBLICATION, DISTRIBUTION, ETC. (IMPRINT)
Place of publication, distribution, etc. Upper Saddle River NJ. :
Name of publisher, distributor, etc. Pearson Education,
Date of publication, distribution, etc. 2008.
300 ## - PHYSICAL DESCRIPTION
Extent xxxvii, 1178 p.
650 #0 - SUBJECT ADDED ENTRY--TOPICAL TERM
Topical term or geographic name as entry element Econometrics.
-- 0000148275
908 ## - PUT COMMAND PARAMETER (RLIN)
Put command parameter 080912
950 ## - LOCAL HOLDINGS (RLIN)
-- 1
Holdings
Withdrawn status Lost status Source of classification or shelving scheme Not for loan Home library Current library Date acquired Total Checkouts Full call number Barcode Date last seen Date last checked out Price effective from Koha item type
    Library of Congress Classification   Kabarak, Main Campus Kabarak, Main Campus 17/12/2015 2 HB139 .G74 2008 c. 1 009115 02/08/2024 09/10/2019 17/12/2015 General Collection